Normal view
MARC view
- Hamka,
Entry Personal Name
001 - CONTROL NUMBER
- control field: 1638
003 - CONTROL NUMBER IDENTIFIER
- control field: OSt
005 - DATE AND TIME OF LATEST TRANSACTION
- control field: 20170505092828.0
008 - FIXED-LENGTH DATA ELEMENTS
- fixed length control field: 170505|| aca||aabn | a|a d
040 ## - CATALOGING SOURCE
- Original cataloging agency: OSt
- Transcribing agency: OSt
100 ## - HEADING--PERSONAL NAME
- Personal name: Hamka,
- Dates associated with a name: 1908-1981
670 ## - SOURCE DATA FOUND
- Source citation: Work cat.: (OSt)0: Hamka, 1908-1981, Pelajaran agama Islam /

PORTAL AKMAL
E-MEL JKDM
AKMAL2U
G-BAM
u-PUSTAKA